La classe soutien dans brawl stars - Statistiques

Statistiques générales
  • Ce quiz a été pris 53 fois
  • Le résultat moyen est 6 sur 11
Statistiques - réponses
Hint Réponse % Correct
Mythique Byron
97%
Rare Poco
94%
Légendaire Kit
66%
Super rare Gus
63%
Épique Berry
54%
Épique Pam
54%
Mythique Doug
49%
Mythique Max
43%
Mythique Jae-yong
37%
Mythique Gray
29%
Mythique Médor
20%
Aucun quiz correspondant
Distribution des résultats
% des personnes avec chaque résultat
Percentile par nombre de réponses
Votre historique - résultats
Vous n’avez pas pris ce quiz